banner koha

Enhancing food security: cultivation of oyster mushroom (Pleurotus sajor-caju)using agroforestry wastes (Registro n. 250680)

MARC details
000 -LÍDER
campo de controle de tamanho fixo 00996nas a2200301 4500
001 - NÚMERO DE CONTROLE
campo de controle BR2016004463
003 - IDENTIFICADOR DO NÚMERO DE CONTROLE
campo de controle BR-BrBNA
005 - DATA E HORÁRIO DA ÚLTIMA TRANSAÇÃO
campo de controle 20231205130659.0
007 - CAMPO FIXO DE DESCRIÇÃO FÍSICA--INFORMAÇÃO GERAL
campo de controle de tamanho fixo ta
008 - CAMPO DE DADOS FIXOS--INFORMAÇÃO GERAL
campo de controle de tamanho fixo 230509b bl.|||p| |||| 00| 00por d
040 ## - FONTE DA CATALOGAÇÃO
Instituição da catalogação original BR-BrBNA
Idioma da catalogação por
Instituição que transcreveu o registro Biblioteca Nacional de Agricultura
041 ## - CÓDIGO DE IDIOMA
Código do idioma do texto/trilha sonora ou título diferente (En)
072 ## - CÓDIGO DE CATEGORIA DE ASSUNTO
Código de Categoria de Assunto K50; F01
100 1# - ENTRADA PRINCIPAL--NOME PESSOAL
Nome pessoal Oluwalana, S.A.
100 1# - ENTRADA PRINCIPAL--NOME PESSOAL
Nome pessoal Adegbenjo, E.A.
100 1# - ENTRADA PRINCIPAL--NOME PESSOAL
Nome pessoal Oluwalana, E.O.
245 1# - TÍTULO
Título Enhancing food security: cultivation of oyster mushroom (Pleurotus sajor-caju)using agroforestry wastes
650 ## - ASSUNTO--TERMO TÓPICO
Cabeçalho tópico ou nome geográfico COGUMELO
650 ## - ASSUNTO--TERMO TÓPICO
Cabeçalho tópico ou nome geográfico PRODUTO FLORESTAL
650 ## - ASSUNTO--TERMO TÓPICO
Cabeçalho tópico ou nome geográfico SERRAGEM
650 ## - ASSUNTO--TERMO TÓPICO
Cabeçalho tópico ou nome geográfico SISTEMA DE CULTIVO
650 ## - ASSUNTO--TERMO TÓPICO
Cabeçalho tópico ou nome geográfico SEGURANCA ALIMENTAR
650 ## - ASSUNTO--TERMO TÓPICO
Cabeçalho tópico ou nome geográfico RESIDUO
773 0# - ENTRADA ANALÍTICA
Título Advances in Forestry Science (Brazil)
ISSN - International Standard Serial Number ISSN 2357-8181
Partes relacionadas (Apr-Jun 2016), v. 3(2) p. 25-28
Número de controle do registro BR2016004463
856 40 - LOCALIZAÇÃO ELETRÔNICA E ACESSO
Uniform Resource Identifier <a href="http://www.periodicoscientificos.ufmt.br/ojs/index.php/afor/article/view/2928/pdf">http://www.periodicoscientificos.ufmt.br/ojs/index.php/afor/article/view/2928/pdf</a>
909 ## -
-- 202311
-- Lúcia
-- 55
-- Lúcia Elande
942 ## - ELEMENTOS DE ENTRADA ADICIONADOS (KOHA)
Fonte da classificação ou esquema de arquivamento na estante Classificação AGRIS
Ocultar no OPAC Não
Tipo de material Koha Analítica
Exemplares
Situação do descarte Fonte da classificação ou esquema de arquivamento na estante Situação física Não pode ser emprestado Biblioteca de origem Biblioteca atual Localização na estante Enumeração do periódico / cronologia Total de empréstimos Data de último acesso Número do exemplar Tipo de material Koha Fonte de aquisição
  Classificação AGRIS   Consulta local Biblioteca Nacional de Agricultura - Binagri Biblioteca Nacional de Agricultura - Binagri   (Apr-Jun 2016), v. 3(2) p. 25-28   29/11/2023 01 Periódicos Portaria Interministerial nº 164/94

BINAGRI

Telefone: (61)3218-2567/2388/3357/2097 - binagri@agro.gov.br

Ministério da Agricultura e Pecuária , Esplanada dos Ministérios, Bloco D, Anexo B, Brasília/DF, CEP: 70.043-900